Peaceable Kingdom (Record no. 17585)

MARC details
000 -LEADER
fixed length control field 00664nam a2200253 a 4500
020 ## - INTERNATIONAL STANDARD BOOK NUMBER
ISBN 0268546
082 00 - DEWEY DECIMAL CLASSIFICATION NUMBER
Classification number 241
Author Cutter HAU
100 ## - MAIN ENTRY--AUTHOR NAME
Author name Hauerwas, Stanley
245 ## - TITLE STATEMENT
Title Peaceable Kingdom
Sub title Primer in Christian Ethics
260 ## - PUBLICATION, DISTRIBUTION, ETC. (IMPRINT)
Place of publication Notre Dame in
Name of publisher University of Notre Dame Press
Year of publication 1983
300 ## - PHYSICAL DESCRIPTION
Number of Pages 179p
500 ## - GENERAL NOTE
General note includes index and biblioraphy
505 2# - FORMATTED CONTENTS NOTE
Formatted contents note Notes, Index
650 ## - SUBJECT ADDED ENTRY--TOPICAL TERM
Topical Term Peace-Making
650 ## - SUBJECT ADDED ENTRY--TOPICAL TERM
Topical Term Theology-Moral
942 ## - ADDED ENTRY ELEMENTS (KOHA)
Koha item type Books
700 1# -
-- Hauerwas, Stanley
Holdings
Collection code Home library Current library Date acquired Cost, normal purchase price Full call number Accession Number Koha item type
  Henry Martyn Institute Library Henry Martyn Institute Library 06/29/2007 100.00 241 HAU 11000337 Books
                   Copyright © 2026 | Henry Martyn Institute | Hyderabad | TS-500052 | INDIA | Implemented by hmi.edu.in
Hit-Count:

Powered by Koha